[Event "Titled Tuesday intern op 23rd Apr Late"]
[Site "Chess.com INT"]
[Date "2024.04.23"]
[Round "3"]
[White "Antunes, Luciano Justi"]
[Black "Garrido Diaz, Jose Antonio"]
[Result "0-1"]
[WhiteElo "2045"]
[BlackElo "2260"]
[PlyCount "48"]
[EventDate "2024.04.23"]
[EventType "swiss (blitz)"]
[EventRounds "11"]
[EventCountry "USA"]
[SourceTitle "CB18_2024"]
[SourceDate "2024.05.01"]
[SourceVersion "1"]
[SourceVersionDate "2024.05.01"]
[SourceQuality "2"]

1. e4 c5 2. Nf3 d6 3. Bb5+ Bd7 4. Bxd7+ Qxd7 5. c4 Nf6 6. Nc3 Nc6 7. d4 cxd4 8. Nxd4 g6 9. 0-0 Bg7 10. Nc2 0-0 11. Nd5 Nxe4 12. Qe2 Nf6 13. Bg5 Qf5 14. Bxf6 Bxf6 15. Nce3 Nd4 16. Qd1 Qe6 17. Nxf6+ Qxf6 18. Nd5 Qh4 19. g3 Qe4 20. f3 Ne2+ 21. Kf2 Qxc4 22. Nxe7+ Kh8 23. Qxe2 Qxe2+ 24. Kxe2 Rfe8 0-1

[Event "Titled Tuesday intern op 23rd Apr Late"]
[Site "Chess.com INT"]
[Date "2024.04.23"]
[Round "1"]
[White "Bortnyk, Olexandr"]
[Black "Garrido Diaz, Jose Antonio"]
[Result "1-0"]
[WhiteElo "2608"]
[BlackElo "2260"]
[PlyCount "101"]
[EventDate "2024.04.23"]
[EventType "swiss (blitz)"]
[EventRounds "11"]
[EventCountry "USA"]
[SourceTitle "CB18_2024"]
[SourceDate "2024.05.01"]
[SourceVersion "1"]
[SourceVersionDate "2024.05.01"]
[SourceQuality "2"]

1. e4 c5 2. c3 Nf6 3. e5 Nd5 4. d4 cxd4 5. Qxd4 e6 6. Nf3 Nc6 7. Qe4 f5 8. Qe2 b5 9. g3 a5 10. Bg2 Be7 11. 0-0 0-0 12. Rd1 Qc7 13. Nbd2 Ba6 14. Nb3 b4 15. Qe1 a4 16. Nbd4 bxc3 17. bxc3 Rac8 18. h4 Na5 19. Bg5 Qxc3 20. Bd2 Qc5 21. Bxa5 h6 22. h5 a3 23. Rac1 Qa7 24. Rxc8 Rxc8 25. Nxf5 Bf8 26. Nd6 Rc2 27. Rd2 Rb2 28. Rxb2 axb2 29. Qb1 Qb8 30. Nd2 Be2 31. Bxd5 exd5 32. Nb3 Bxd6 33. exd6 Qxd6 34. Qxb2 Bc4 35. Bc3 Qe6 36. Nd4 Qh3 37. Qb8+ Kh7 38. Qb1+ Kg8 39. Nf5 Qxh5 40. Bxg7 Qf3 41. Bxh6 Bd3 42. Qb8+ Kh7 43. Qf8 Qd1+ 44. Kh2 Qh5+ 45. Kg1 Qd1+ 46. Kh2 Qh5+ 47. Nh4 Qxh6 48. Qf7+ Kh8 49. Qxd5 Bh7 50. Qxd7 Qh5 51. Qd4+ 1-0

[Event "Titled Tuesday intern op 16th Apr Early"]
[Site "Chess.com INT"]
[Date "2024.04.16"]
[Round "3"]
[White "Daakshin, Arun"]
[Black "Garrido Diaz, Jose Antonio"]
[Result "1-0"]
[WhiteElo "2281"]
[BlackElo "2260"]
[PlyCount "67"]
[EventDate "2024.04.16"]
[EventType "swiss (blitz)"]
[EventRounds "11"]
[EventCountry "USA"]
[SourceTitle "CB17_2024"]
[SourceDate "2024.04.24"]
[SourceVersion "1"]
[SourceVersionDate "2024.04.24"]
[SourceQuality "1"]

1. d4 d6 2. Nf3 Nf6 3. c4 Bg4 4. Nc3 g6 5. e4 Bg7 6. Be2 Nbd7 7. 0-0 e5 8. Be3 0-0 9. d5 a5 10. Qc2 Nc5 11. Bxc5 Bxf3 12. Bxd6 Bxe4 13. Nxe4 cxd6 14. Nc3 Nd7 15. a3 Rc8 16. b4 Nb6 17. Qb3 axb4 18. axb4 Qh4 19. c5 dxc5 20. bxc5 Rxc5 21. Qxb6 Rxc3 22. Qxb7 e4 23. g3 Qg5 24. d6 Rc2 25. Qxe4 Qd2 26. Bd3 Rb2 27. Rad1 Qc3 28. d7 Bf6 29. Qf4 Rb4 30. Qd6 Rbb8 31. Rfe1 Rbd8 32. Bb5 Qb2 33. Re8 Qxb5 34. Qxf8# 1-0

[Event "Titled Tuesday intern op 16th Apr Early"]
[Site "Chess.com INT"]
[Date "2024.04.16"]
[Round "2"]
[White "Garrido Diaz, Jose Antonio"]
[Black "Volkov, Maksim"]
[Result "0-1"]
[WhiteElo "2260"]
[BlackElo "2340"]
[PlyCount "130"]
[EventDate "2024.04.16"]
[EventType "swiss (blitz)"]
[EventRounds "11"]
[EventCountry "USA"]
[SourceTitle "CB17_2024"]
[SourceDate "2024.04.24"]
[SourceVersion "1"]
[SourceVersionDate "2024.04.24"]
[SourceQuality "1"]

1. e4 c5 2. Nf3 d6 3. d4 cxd4 4. Nxd4 Nf6 5. Nc3 a6 6. g3 e5 7. Nde2 b5 8. Bg2 Bb7 9. Bg5 Nbd7 10. 0-0 Be7 11. Qd2 0-0 12. Rad1 b4 13. Bxf6 Nxf6 14. Nd5 Nxd5 15. exd5 a5 16. c3 Ba6 17. Rfe1 Bg5 18. f4 Bf6 19. cxb4 Qb6+ 20. Kh1 axb4 21. fxe5 Bxe5 22. Nd4 Bb7 23. Nc6 Bxc6 24. dxc6 Rxa2 25. Rb1 Bc3 26. Qd5 Rxb2 27. Rxb2 Bxb2 28. Qxd6 Bc3 29. Rd1 Bf6 30. Qd7 Rd8 31. c7 Qxc7 32. Qxc7 Rxd1+ 33. Bf1 Rxf1+ 34. Kg2 Rd1 35. Qb8+ Rd8 36. Qxb4 g6 37. h4 Kg7 38. Qb6 h5 39. Qa5 Rd3 40. Qb5 Rc3 41. Qd5 Re3 42. Qc5 Rb3 43. Qd5 Rb2+ 44. Kf3 Rc2 45. Qe4 Rc5 46. Qb4 Rd5 47. Kg2 Be5 48. Qe4 Rd2+ 49. Kf3 Kf6 50. Qc6+ Rd6 51. Qe4 Rb6 52. Kg2 Rb3 53. Qc6+ Kg7 54. Qe4 Rxg3+ 55. Kf2 f6 56. Qb7+ Kh6 57. Qf7 f5 58. Qf8+ Bg7 59. Qf7 Rg4 60. Qe7 Kh7 61. Qd8 Bd4+ 62. Ke2 Bg7 63. Qe7 Rf4 64. Kd3 Re4 65. Qf7 Rxh4 0-1

[Event "Titled Tuesday intern op 13th Feb Late"]
[Site "Chess.com INT"]
[Date "2024.02.13"]
[Round "3"]
[White "Zeltsan, Joseph"]
[Black "Garrido Diaz, Jose Antonio"]
[Result "1-0"]
[WhiteElo "2430"]
[BlackElo "2288"]
[PlyCount "95"]
[EventDate "2024.02.13"]
[EventType "swiss (blitz)"]
[EventRounds "11"]
[EventCountry "USA"]
[SourceTitle "CB08_2024"]
[SourceDate "2024.02.21"]
[SourceVersion "1"]
[SourceVersionDate "2024.02.21"]
[SourceQuality "1"]

1. e4 c5 2. Nf3 d6 3. d4 cxd4 4. Nxd4 Nf6 5. Nc3 g6 6. Be3 Nc6 7. f3 h5 8. Bc4 Nxd4 9. Bxd4 Bg7 10. Qd2 0-0 11. 0-0-0 a6 12. Kb1 b5 13. Bd5 Nxd5 14. exd5 Qc7 15. Rde1 Bf5 16. g4 hxg4 17. fxg4 Bc8 18. h4 Bxd4 19. Qxd4 Qc4 20. Qxc4 bxc4 21. g5 e5 22. Ne4 Bf5 23. Nxd6 f6 24. Nxc4 Rad8 25. gxf6 Rxd5 26. Rxe5 Rxe5 27. Nxe5 Rxf6 28. b3 Kg7 29. Kb2 Re6 30. Re1 Kf6 31. Nd7+ Kg7 32. Rxe6 Bxe6 33. Nc5 Bc8 34. c4 Kh6 35. Nd3 Kh5 36. Nf4+ Kxh4 37. Nxg6+ Kg5 38. Ne7 Be6 39. Kc3 Kf6 40. Nd5+ Ke5 41. Nb4 Bc8 42. a4 Kd6 43. Kd4 a5 44. c5+ Kc7 45. Nd5+ Kc6 46. Ne7+ Kc7 47. Nxc8 Kxc8 48. Kc4 1-0

[Event "Titled Tuesday intern op 16th Jan Late"]
[Site "Chess.com INT"]
[Date "2024.01.16"]
[Round "5"]
[White "Ambartsumova, Karina"]
[Black "Garrido Diaz, Jose Antonio"]
[Result "1-0"]
[WhiteElo "2418"]
[BlackElo "2291"]
[PlyCount "49"]
[EventDate "2024.01.16"]
[EventType "swiss (blitz)"]
[EventRounds "11"]
[EventCountry "USA"]
[SourceTitle "CB04_2024"]
[SourceDate "2023.10.16"]
[SourceVersion "1"]
[SourceVersionDate "2023.10.16"]
[SourceQuality "1"]

1. d4 d5 2. c4 e6 3. Nc3 c6 4. e4 dxe4 5. Nxe4 Bb4+ 6. Nc3 c5 7. Nf3 Nf6 8. a3 Ba5 9. Be2 0-0 10. 0-0 Nc6 11. dxc5 Bxc3 12. bxc3 Ne4 13. Qc2 Nxc5 14. Be3 Qe7 15. Rfd1 b6 16. Ng5 g6 17. Bf3 Bb7 18. Bxc5 Qxc5 19. Ne4 Qe7 20. Rd7 Qh4 21. Rxb7 Ne5 22. Qe2 Rad8 23. g3 Qh3 24. Nf6+ Kg7 25. Qxe5 1-0

[Event "Titled Tuesday intern op 12th Dec Early"]
[Site "Chess.com INT"]
[Date "2023.12.12"]
[Round "3"]
[White "Garrido Diaz, Jose Antonio"]
[Black "Rojas Alarcon, Julian Antonio"]
[Result "1-0"]
[WhiteElo "2291"]
[BlackElo "2354"]
[PlyCount "103"]
[EventDate "2023.12.12"]
[EventType "swiss (blitz)"]
[EventRounds "11"]
[EventCountry "USA"]
[SourceTitle "CB51_2023"]
[SourceDate "2023.12.20"]
[SourceVersion "1"]
[SourceVersionDate "2023.12.20"]
[SourceQuality "1"]

1. d4 Nf6 2. c4 e6 3. Nc3 Bb4 4. Nf3 b6 5. e3 Bb7 6. Bd2 0-0 7. Bd3 Qe7 8. 0-0 d6 9. b3 Nbd7 10. Qc2 Bxc3 11. Bxc3 e5 12. Nd2 e4 13. Be2 a5 14. Rae1 Rfe8 15. d5 c6 16. dxc6 Bxc6 17. f3 Rac8 18. Nxe4 Nxe4 19. fxe4 Bxe4 20. Bd3 Nc5 21. Bxe4 Nxe4 22. Bd4 b5 23. Qd3 bxc4 24. bxc4 Rc6 25. Rf5 Qe6 26. Rxa5 Rxc4 27. Ra7 d5 28. a4 Nd6 29. Rf1 f6 30. Ra6 Qd7 31. Ra7 Qe6 32. Ra6 Qe4 33. Qxe4 Nxe4 34. Rb1 Re7 35. a5 h5 36. Ra8+ Kh7 37. a6 Rec7 38. h4 Rc1+ 39. Rxc1 Rxc1+ 40. Kh2 Nf2 41. a7 Rh1+ 42. Kg3 Ne4+ 43. Kf3 Rf1+ 44. Ke2 Rf2+ 45. Ke1 Ra2 46. Rb8 Nf2 47. a8Q Nd3+ 48. Kf1 Rc2 49. Rh8+ Kg6 50. Qe8+ Kf5 51. Rxh5+ Kg4 52. Qg6# 1-0

[Event "Titled Tuesday intern op 12th Dec Early"]
[Site "Chess.com INT"]
[Date "2023.12.12"]
[Round "1"]
[White "Lysyj, Igor"]
[Black "Garrido Diaz, Jose Antonio"]
[Result "1-0"]
[WhiteElo "2589"]
[BlackElo "2291"]
[PlyCount "65"]
[EventDate "2023.12.12"]
[EventType "swiss (blitz)"]
[EventRounds "11"]
[EventCountry "USA"]
[SourceTitle "CB51_2023"]
[SourceDate "2023.12.20"]
[SourceVersion "1"]
[SourceVersionDate "2023.12.20"]
[SourceQuality "1"]

1. d4 d5 2. c4 e6 3. Nc3 c6 4. e3 Nf6 5. Nf3 Nbd7 6. Qc2 Bd6 7. b3 0-0 8. Be2 e5 9. cxd5 cxd5 10. Nb5 Bb8 11. Ba3 Re8 12. 0-0 e4 13. Nd2 Nb6 14. Rfc1 Bd7 15. Nc7 Bxc7 16. Qxc7 Qxc7 17. Rxc7 Bc6 18. Bc5 Re6 19. Rc1 Nbd7 20. f3 exf3 21. Bxf3 Ne8 22. Rxd7 Bxd7 23. Bxd5 Rxe3 24. Nc4 Re2 25. Ne5 Be6 26. Bxb7 Rd8 27. Bf3 Rxa2 28. d5 Bxd5 29. Rd1 Nf6 30. Nc6 Rd7 31. Ne7+ Rxe7 32. Bxe7 Ne4 33. Bxe4 1-0

[Event "Titled Tuesday intern op 26th Sep Late"]
[Site "Chess.com INT"]
[Date "2023.09.26"]
[Round "9"]
[White "Di Berardino, Diego Rafael"]
[Black "Garrido Diaz, Jose Antonio"]
[Result "1-0"]
[WhiteElo "2481"]
[BlackElo "2321"]
[PlyCount "47"]
[EventDate "2023.09.26"]
[EventType "swiss (blitz)"]
[EventRounds "11"]
[EventCountry "USA"]
[SourceTitle "EXT 2024"]
[Source "ChessBase"]
[SourceDate "2023.10.10"]
[SourceVersion "1"]
[SourceVersionDate "2023.10.10"]
[SourceQuality "1"]

1. e4 c5 2. Nf3 d6 3. d4 cxd4 4. Nxd4 Nf6 5. Nc3 g6 6. Be3 Nc6 7. f3 h5 8. Bc4 Ne5 9. Bb3 Bg7 10. Qd2 Bd7 11. 0-0-0 Rc8 12. Kb1 Nc4 13. Bxc4 Rxc4 14. Nd5 h4 15. c3 Rh5 16. Bg5 Qa5 17. Nb3 Qb5 18. Nxf6+ exf6 19. Bf4 d5 20. exd5 Qa4 21. Bd6 Bf5+ 22. Ka1 Qxa2+ 23. Kxa2 Ra4+ 24. Ba3 1-0

[Event "Titled Tuesday intern op 26th Sep Late"]
[Site "Chess.com INT"]
[Date "2023.09.26"]
[Round "4"]
[White "Gao, Raymond"]
[Black "Garrido Diaz, Jose Antonio"]
[Result "0-1"]
[WhiteElo "2001"]
[BlackElo "2321"]
[PlyCount "104"]
[EventDate "2023.09.26"]
[EventType "swiss (blitz)"]
[EventRounds "11"]
[EventCountry "USA"]
[SourceTitle "EXT 2024"]
[Source "ChessBase"]
[SourceDate "2023.10.10"]
[SourceVersion "1"]
[SourceVersionDate "2023.10.10"]
[SourceQuality "1"]

1. Nf3 Nf6 2. d4 b6 3. Bf4 Bb7 4. e3 e6 5. Bd3 c5 6. c3 Nc6 7. Nbd2 Be7 8. 0-0 Nh5 9. Be5 Nxe5 10. Nxe5 Nf6 11. f4 0-0 12. Qe2 d6 13. Ng4 Rc8 14. e4 cxd4 15. cxd4 Nxg4 16. Qxg4 e5 17. fxe5 dxe5 18. d5 Bc5+ 19. Kh1 Qd6 20. Nc4 Qe7 21. Rf3 b5 22. Na5 Ba8 23. Bxb5 Bd4 24. Bc6 Qb4 25. Bxa8 Qxa5 26. Bc6 Bxb2 27. Raf1 Rcd8 28. Rg3 g6 29. Qg5 f6 30. Qh6 Qc7 31. h4 Qg7 32. Qd2 Bd4 33. h5 Rb8 34. Rb3 Rxb3 35. axb3 gxh5 36. d6 Rc8 37. Bd5+ Kh8 38. Qe2 Qg5 39. Qf3 Kg7 40. Qh3 Rd8 41. d7 a5 42. Qe6 Qh4+ 43. Qh3 Qxh3+ 44. gxh3 Rxd7 45. Rc1 h4 46. Kg2 Ra7 47. Kf3 a4 48. bxa4 Rxa4 49. Rc7+ Kg6 50. Bg8 Ra3+ 51. Kg4 h5+ 52. Kxh4 Bf2# 0-1

[Event "Titled Tuesday intern op 26th Sep Late"]
[Site "Chess.com INT"]
[Date "2023.09.26"]
[Round "5"]
[White "Garrido Diaz, Jose Antonio"]
[Black "Sivanandan, Bodhana"]
[Result "1-0"]
[WhiteElo "2321"]
[BlackElo "1840"]
[PlyCount "99"]
[EventDate "2023.09.26"]
[EventType "swiss (blitz)"]
[EventRounds "11"]
[EventCountry "USA"]
[SourceTitle "EXT 2024"]
[Source "ChessBase"]
[SourceDate "2023.10.10"]
[SourceVersion "1"]
[SourceVersionDate "2023.10.10"]
[SourceQuality "1"]

1. e4 e6 2. d4 d5 3. Bd3 dxe4 4. Bxe4 Nf6 5. Bf3 Bd6 6. Ne2 0-0 7. 0-0 c6 8. c4 e5 9. Nbc3 Bf5 10. Bg5 Nbd7 11. Ng3 Bg6 12. Re1 Re8 13. Qd2 h6 14. Bxf6 Nxf6 15. d5 cxd5 16. Nxd5 Nxd5 17. Bxd5 Qc7 18. Rad1 Rad8 19. h4 Bc5 20. h5 Bh7 21. Qe2 b6 22. Qf3 Bd4 23. b3 a6 24. Rd2 e4 25. Bxe4 Bxe4 26. Rxe4 Rxe4 27. Nxe4 Be5 28. Qe2 Rxd2 29. Qxd2 b5 30. Qd5 bxc4 31. Qxc4 Qxc4 32. bxc4 Kf8 33. Nc5 Bd6 34. Nxa6 Ke7 35. c5 Be5 36. Nb4 Ke6 37. Kf1 Bc3 38. a3 Ke5 39. Ke2 Bd4 40. Nc6+ Kd5 41. Nxd4 Kxd4 42. c6 Kd5 43. c7 Ke6 44. c8Q+ Ke7 45. a4 g6 46. a5 gxh5 47. a6 Kf6 48. a7 Kg7 49. a8Q Kg6 50. Qe4+ 1-0

[Event "Titled Tuesday intern op 26th Sep Late"]
[Site "Chess.com INT"]
[Date "2023.09.26"]
[Round "11"]
[White "Remolar Gallen, Jose"]
[Black "Garrido Diaz, Jose Antonio"]
[Result "1-0"]
[WhiteElo "2329"]
[BlackElo "2321"]
[PlyCount "83"]
[EventDate "2023.09.26"]
[EventType "swiss (blitz)"]
[EventRounds "11"]
[EventCountry "USA"]
[SourceTitle "EXT 2024"]
[Source "ChessBase"]
[SourceDate "2023.10.10"]
[SourceVersion "1"]
[SourceVersionDate "2023.10.10"]
[SourceQuality "1"]

1. e4 c5 2. Nf3 d6 3. d4 cxd4 4. Nxd4 Nf6 5. Nc3 g6 6. Be3 Nc6 7. Bc4 h5 8. h3 Bg7 9. Qd2 Bd7 10. Bb3 h4 11. 0-0-0 Rc8 12. f4 Rh5 13. f5 Nxd4 14. Bxd4 gxf5 15. exf5 Bxf5 16. Qe2 Rh6 17. Rhf1 Qd7 18. Ba4 Qxa4 19. Nxa4 Rxc2+ 20. Qxc2 Bxc2 21. Kxc2 Rh5 22. Nc3 b5 23. a3 a5 24. Rde1 b4 25. axb4 axb4 26. Bxf6 Bxf6 27. Rxf6 bxc3 28. bxc3 Rg5 29. Rxd6 Rxg2+ 30. Rd2 Rg3 31. Rd3 Rg2+ 32. Kb3 f6 33. c4 e5 34. c5 Ke7 35. c6 Rg8 36. c7 Rc8 37. Rc1 e4 38. Rd8 Rxd8 39. cxd8Q+ Kxd8 40. Kc3 Ke7 41. Kd4 f5 42. Ke5 1-0

[Event "ESP-chT Rapid"]
[Site "Ubeda"]
[Date "2023.09.23"]
[Round "2.2"]
[White "Garrido Diaz, Jose Antonio"]
[Black "Pichot, Alan"]
[Result "0-1"]
[WhiteElo "2321"]
[BlackElo "2648"]
[PlyCount "74"]
[EventDate "2023.09.23"]
[EventType "team-swiss (rapid)"]
[EventRounds "9"]
[EventCountry "ESP"]
[SourceTitle "EXT 2024"]
[Source "ChessBase"]
[SourceDate "2023.10.10"]
[SourceVersion "1"]
[SourceVersionDate "2023.10.10"]
[SourceQuality "1"]
[WhiteTeam "El Caballo"]
[BlackTeam "Extremadura Magic"]
[WhiteTeamCountry "ESP"]
[BlackTeamCountry "ESP"]

1. e4 e5 2. Nf3 Nc6 3. Nc3 Nf6 4. d4 exd4 5. Nxd4 Bb4 6. Nxc6 bxc6 7. Bd3 d5 8. exd5 0-0 9. 0-0 cxd5 10. h3 h6 11. Qf3 Be6 12. Ne2 c5 13. Rd1 Qe7 14. c3 Ba5 15. Bf4 Rfd8 16. Ng3 Bc7 17. Nf5 Bxf5 18. Bxc7 Qxc7 19. Qxf5 Rab8 20. b3 a5 21. Bc2 Rb6 22. Re1 Qd7 23. Qf4 Qd6 24. Qe3 d4 25. Qd3 g6 26. c4 Kg7 27. Re2 Re8 28. Rxe8 Nxe8 29. Qd2 Ra6 30. Re1 Nc7 31. g3 Ne6 32. Kg2 Ng5 33. Be4 Qe6 34. Bd5 Qxh3+ 35. Kg1 Qf5 36. Re7 Qxd5 37. cxd5 Nf3+ 0-1

[Event "Titled Tuesday intern op 19th Sep Late"]
[Site "Chess.com INT"]
[Date "2023.09.19"]
[Round "3"]
[White "Curtis, John"]
[Black "Garrido Diaz, Jose Antonio"]
[Result "0-1"]
[WhiteElo "2292"]
[BlackElo "2321"]
[PlyCount "80"]
[EventDate "2023.09.19"]
[EventType "swiss (blitz)"]
[EventRounds "11"]
[EventCountry "USA"]
[SourceTitle "EXT 2024"]
[Source "ChessBase"]
[SourceDate "2023.10.10"]
[SourceVersion "1"]
[SourceVersionDate "2023.10.10"]
[SourceQuality "1"]

1. e4 c5 2. Nf3 d6 3. d4 cxd4 4. Nxd4 Nf6 5. Nc3 g6 6. Bc4 Nc6 7. Bb3 Bg7 8. Be3 Ng4 9. Nxc6 bxc6 10. Ba4 Nxe3 11. Bxc6+ Bd7 12. Bxd7+ Qxd7 13. fxe3 Rc8 14. Qd3 Qc6 15. 0-0 Bxc3 16. bxc3 Qxc3 17. Qxc3 Rxc3 18. Rfb1 0-0 19. Rb7 Rxc2 20. Rxa7 Rb8 21. Kh1 Rbb2 22. Rg1 e6 23. a4 Ra2 24. a5 Rc5 25. Ra6 Rcxa5 26. Rxd6 Re5 27. Rd3 Rxe4 28. Re1 Rc4 29. h3 Rcc2 30. Rg1 Re2 31. Kh2 Ra4 32. Kg3 Kg7 33. Kf3 Raa2 34. e4 h5 35. Re3 Rf2+ 36. Kg3 g5 37. e5 Kg6 38. h4 g4 39. Re4 Rf5 40. Re3 Raf2 0-1

[Event "Titled Tuesday intern op 19th Sep Late"]
[Site "Chess.com INT"]
[Date "2023.09.19"]
[Round "6"]
[White "Weisz, Bryan"]
[Black "Garrido Diaz, Jose Antonio"]
[Result "0-1"]
[WhiteElo "1985"]
[BlackElo "2321"]
[PlyCount "38"]
[EventDate "2023.09.19"]
[EventType "swiss (blitz)"]
[EventRounds "11"]
[EventCountry "USA"]
[SourceTitle "EXT 2024"]
[Source "ChessBase"]
[SourceDate "2023.10.10"]
[SourceVersion "1"]
[SourceVersionDate "2023.10.10"]
[SourceQuality "1"]

1. g4 d5 2. f3 e5 3. h4 Be7 4. g5 h6 5. d4 hxg5 6. dxe5 gxh4 7. Bh3 Nc6 8. f4 d4 9. Nf3 Bxh3 10. Rxh3 Qd7 11. Rh1 h3 12. c3 0-0-0 13. cxd4 Nxd4 14. Qxd4 Bh4+ 15. Kf1 Qg4 16. Rg1 Rxd4 17. Nxd4 Qd7 18. Be3 h2 19. Rh1 Qh3# 0-1

[Event "Titled Tuesday intern op 12th Sep Late"]
[Site "Chess.com INT"]
[Date "2023.09.12"]
[Round "1"]
[White "Niemann, Hans Moke"]
[Black "Garrido Diaz, Jose Antonio"]
[Result "1-0"]
[WhiteElo "2667"]
[BlackElo "2321"]
[PlyCount "51"]
[EventDate "2023.09.12"]
[EventType "swiss (blitz)"]
[EventRounds "11"]
[EventCountry "USA"]
[SourceTitle "EXT 2024"]
[Source "ChessBase"]
[SourceDate "2023.10.10"]
[SourceVersion "1"]
[SourceVersionDate "2023.10.10"]
[SourceQuality "1"]

1. e4 c5 2. Nf3 d6 3. Bb5+ Bd7 4. Bxd7+ Qxd7 5. c4 Nc6 6. Nc3 g6 7. d4 cxd4 8. Nxd4 Bg7 9. Be3 Nf6 10. f3 0-0 11. 0-0 Rfc8 12. b3 a6 13. Qd3 Qd8 14. Rfd1 Nd7 15. Rac1 Nc5 16. Qd2 Qa5 17. Nd5 Qxd2 18. Rxd2 Nd7 19. Nxc6 Rxc6 20. Nxe7+ Kf8 21. Nxc6 bxc6 22. Rxd6 Ne5 23. Rcd1 Ke7 24. Bc5 Ke8 25. f4 Ng4 26. Rxc6 1-0

[Event "Huelva"]
[Site "Huelva"]
[Date "2023.07.20"]
[Round "7"]
[White "Garrido Diaz, Jose Antonio"]
[Black "Blanco Acevedo, Cristobal Jose"]
[Result "1/2-1/2"]
[WhiteElo "2322"]
[BlackElo "2285"]
[PlyCount "89"]
[EventDate "2023.07.17"]
[EventType "tourn"]
[EventRounds "9"]
[EventCountry "ESP"]
[EventCategory "4"]
[SourceTitle "CBM 215 Extra"]
[Source "ChessBase"]
[SourceDate "2023.09.30"]
[SourceVersion "1"]
[SourceVersionDate "2023.09.30"]
[SourceQuality "1"]

1. e4 c5 2. Nf3 Nc6 3. d4 cxd4 4. Nxd4 Nf6 5. Nc3 e5 6. Ndb5 d6 7. Bg5 a6 8. Na3 b5 9. Bxf6 gxf6 10. Nd5 f5 11. Bd3 Be6 12. c3 Rc8 13. Qh5 Rg8 14. g3 h6 15. Qf3 f4 16. gxf4 exf4 17. Qxf4 Rg6 18. Be2 h5 19. Bxh5 Ne5 20. Qe3 Bh6 21. Qe2 Qh4 22. Nc2 Rg4 23. Nd4 Bxd5 24. Bxg4 Bc4 25. Nf5 Bxe2 26. Nxh4 Bxg4 27. h3 Nd3+ 28. Kf1 Be6 29. Rd1 Nxb2 30. Rxd6 Bf4 31. Rxa6 b4 32. Rxe6+ fxe6 33. cxb4 Rc4 34. Kg2 Rxe4 35. a3 Nc4 36. Nf3 Nxa3 37. Re1 Rxb4 38. Rxe6+ Kf7 39. Rc6 Rb2 40. h4 Nc2 41. Ng5+ Ke8 42. Re6+ Kd7 43. Re2 Ne3+ 44. Kf3 Rxe2 45. Kxe2 1/2-1/2